Economic action agenda (Record no. 40724)

MARC details
000 -LEADER
fixed length control field 00983nam a2200193 a 4500
008 - FIXED-LENGTH DATA ELEMENTS--GENERAL INFORMATION
fixed length control field 120416s1993 ||||||||||||||||| || u
020 ## - INTERNATIONAL STANDARD BOOK NUMBER
International Standard Book Number 9782461903
050 ## - LIBRARY OF CONGRESS CALL NUMBER
Classification number HD 87.5 Doz
110 ## - MAIN ENTRY--CORPORATE NAME
Corporate name or jurisdiction name as entry element Nigerian Economic Summit (1st : 1993 : Abuja, Federal Capital Territory, Nigeria)
245 10 - TITLE STATEMENT
Title Economic action agenda
260 ## - PUBLICATION, DISTRIBUTION, ETC.
Place of publication, distribution, etc. Ibadan
Name of publisher, distributor, etc. Spectrum Books
Date of publication, distribution, etc. 1993
300 ## - PHYSICAL DESCRIPTION
Extent 127 p. : ill.
350 ## - PRICE (NR) (BK AM CF MU VM SE) [OBSOLETE]
Price 0.00
500 ## - GENERAL NOTE
General note 'The concept of an Economic Action Agenda (Agenda) resulted from the first Nigerian Economic Summit which was held 18-20 February, 1993 in Abuja'--P. 1. -'This is the companion book to The Report on the First Nigerian Economic Summit'--P. [4] of cover. -Includes bibliographical references.
650 #0 - SUBJECT ADDED ENTRY--TOPICAL TERM
Topical term or geographic name entry element ECONOMICS
650 ## - SUBJECT ADDED ENTRY--TOPICAL TERM
Topical term or geographic name entry element NIGERIA--ECONOMIC POLICY
650 ## - SUBJECT ADDED ENTRY--TOPICAL TERM
Topical term or geographic name entry element Nigeria--Economic conditions--1960-
995 ## - RECOMMENDATION 995 [LOCAL, UNIMARC FRANCE]
-- 0.00
-- CBU-MAIN LIBRARY (Kitwe)
-- 1
-- 0.00
-- 1
-- AVAILABLE
-- Annex Low-Usage Collection
Holdings
Withdrawn status Lost status Source of classification or shelving scheme Damaged status Not for loan Home library Current library Shelving location Date acquired Total Checkouts Full call number Barcode Date last seen Price effective from Koha item type
          CBU-MAIN LIBRARY, KITWE. CBU-MAIN LIBRARY, KITWE.   11/30/2022   HD 87.5 Doz 024017 11/30/2022 11/30/2022 MONOGRAPH